000
00307 a2200145 4500
001
162914
020
_a
040
_c
Magnum
100
_a
-
240
1
0
_a
Helmut, o chopeiro de colonia
_l
por
245
1
0
_a
Helmut, o chopeiro de colonia
362
0
_a
1899
697
_a
I/LENDAS, FOLCLORE
942
_c
BK
999
_c
162914
_d
162914